The Charities Acts 1992 and 1993 (Substitution of Sums) Order 2009 (Record no. 109351)

MARC details
000 -LEADER
fixed length control field 01125cad a22002775a 4500
001 - CONTROL NUMBER
control field E146922
008 - FIXED-LENGTH DATA ELEMENTS--GENERAL INFORMATION
fixed length control field 090313s2009 xxk f lf000 0 eng d
035 ## - SYSTEM CONTROL NUMBER
System control number (Sirsi) u146922
041 0# - LANGUAGE CODE
Language code of text/sound track or separate title eng
050 04 - LIBRARY OF CONGRESS CALL NUMBER
Classification number 346.41043 $2 18
110 2# - MAIN ENTRY--CORPORATE NAME
Corporate name or jurisdiction name as entry element United Kingdom
Form subheading Laws, etc.
9 (RLIN) 5044
245 04 - TITLE STATEMENT
Title The Charities Acts 1992 and 1993 (Substitution of Sums) Order 2009
Medium [electronic resource]
260 ## - PUBLICATION, DISTRIBUTION, ETC.
Place of publication, distribution, etc. London
Name of publisher, distributor, etc. OPSI
Date of publication, distribution, etc. 2009
490 #0 - SERIES STATEMENT
Series statement SI
Volume/sequential designation (508) 2009
520 ## - SUMMARY, ETC.
Summary, etc. This Order amends the Charities Acts 1992 and 1993 by changing the sums specified in the Order, with the aim of increasing the financial thresholds relating to some of the regulatory requirements which apply to charities.
520 ## - SUMMARY, ETC.
Summary, etc. Comes into force 1 April 2009.
521 ## - TARGET AUDIENCE NOTE
Target audience note Advanced
590 ## - LOCAL NOTE (RLIN)
Local note KA
650 24 - SUBJECT ADDED ENTRY--TOPICAL TERM
Topical term or geographic name entry element CHARITIES ACTS 1992 AND 1993 (SUBSTITUTION OF SUMS) ORDER 2009
650 24 - SUBJECT ADDED ENTRY--TOPICAL TERM
Topical term or geographic name entry element CHARITIES ACT 1992
650 24 - SUBJECT ADDED ENTRY--TOPICAL TERM
Topical term or geographic name entry element CHARITIES ACT 1993
651 #4 - SUBJECT ADDED ENTRY--GEOGRAPHIC NAME
Geographic name England and Wales
Chronological subdivision 1543-
690 ## - LOCAL SUBJECT ADDED ENTRY--TOPICAL TERM (OCLC, RLIN)
Topical term or geographic name as entry element PROPERTY
856 40 - ELECTRONIC LOCATION AND ACCESS
Uniform Resource Identifier <a href="https://www.opsi.gov.uk/si/si2009/uksi_20090508_en_1">https://www.opsi.gov.uk/si/si2009/uksi_20090508_en_1</a>
Public note View the item free of charge online at www.opsi.gov.uk...
942 ## - ADDED ENTRY ELEMENTS (KOHA)
Suppress in OPAC 0
Holdings
Withdrawn status Lost status Source of classification or shelving scheme Damaged status Not for loan Home library Current library Shelving location Date acquired Total Checkouts Full call number Barcode Date last seen Copy number Price effective from Koha item type
    Dewey Decimal Classification     Virtual Virtual Online 12/03/2009   ONLINE PUBLICATION 146922-2001 06/08/2019 1 06/08/2019 Book